000
00327nam a22001457a 4500
008
210312b ||||| |||| 00| 0 eng d
020
_a
9780324071450
041
_a
eng
080
_2
5th
_a
331.101.262
082
_2
5th
_a
331.101.262
100
_a
52
101
_a
MAKRO
245
_a
Economics
_c
Arnold,A.R
942
_2
udc
_c
BK
999
_c
56526
_d
56526